书目信息 |
| 题名: |
水力学
|
|
| 作者: | 姜忠峰、武晓刚、高宏斌 主编 | |
| 分册: | ||
| 出版信息: | 西安 西北工业大学出版社 2021.03 |
|
| 页数: | 347页 | |
| 开本: | 26cm | |
| 丛书名: | ||
| 单 册: | ||
| 中图分类: | TV13 | |
| 科图分类: | ||
| 主题词: | 水力学 , 热工水力学 | |
| 电子资源: | ||
| ISBN: | 978-7-5612-7654-9 | |
| 000 | 00714nam0 2200217 450 | |
| 001 | 2531335720 | |
| 005 | 20250906084444.46 | |
| 010 | @a978-7-5612-7654-9@dCNY69.00 | |
| 100 | @a20250906d2021 km y0chiy0120 ea | |
| 101 | 0 | @achi |
| 102 | @aCN@b610000 | |
| 200 | 1 | @a水力学@AShui Li Xue@f姜忠峰、武晓刚、高宏斌主编@FJiang Zhong Feng、Wu Xiao Gang、Gao Hong Bin Zhu Bian |
| 210 | @a西安@c西北工业大学出版社@d2021.03 | |
| 215 | @a347页@d26cm | |
| 503 | @n河南城建学院图书馆 | |
| 606 | 0 | @a水力学 |
| 606 | 0 | @a热工水力学 |
| 690 | @aTV13@v4 | |
| 701 | 0 | @a姜忠峰、武晓刚、高宏斌@AJiang Zhong Feng、Wu Xiao Gang、Gao Hong Bin@4主编 |
| 801 | 0 | @aCN@b大连网信软件有限公司图书馆·11@c20250906 |
| 905 | @aZUCC@dTV13@eJ531 | |
| 水力学/姜忠峰、武晓刚、高宏斌主编.-西安:西北工业大学出版社,2021.03 |
| 347页;26cm |
| ISBN 978-7-5612-7654-9:CNY69.00 |
| ● |
| 相关链接 |
|
|
|
正题名:水力学
索取号:TV13/J531
 
预约/预借
| 序号 | 登录号 | 条形码 | 馆藏地/架位号 | 状态 | 备注 |
| 1 | 1555279 | 215552792 | 自科库501/501自科库 47排3列5层/ [索取号:TV13/J531] | 在馆 |